000 00563nam a2200169Ia 4500
999 _c34770
_d34770
003 OSt
005 20200212151858.0
008 190216s9999||||xx |||||||||||||| ||und||
040 _coclc
082 _a341.1308
_bGRE/U
100 _a Gregg, Robert W
_91945
245 0 _aThe United Nations System And Its Functions Selected Readings /
_c Robert W Gregg ; Michael Barkun
260 _bAffiliated East West Press,
_c1970.
_aNew Delhi:
300 _a460p
650 _aPolitical Science
942 _cBK
_2ddc
_h341.1308
_iGRE/U
_k341.1308
_mGRE/U